[Event "Boxer mem."]
[Site "Winnipeg CAN"]
[Date "2011.05.15"]
[Round "3"]
[White "Li, Kevin"]
[Black "Pang, Michael"]
[Result "1-0"]
[WhiteElo "2239"]
[BlackElo "1774"]
[PlyCount "31"]
[GameId "2160767909704494"]
[EventDate "2011.05.14"]
[EventType "swiss"]
[EventRounds "4"]
[EventCountry "CAN"]
[SourceTitle "EXT 2022"]
[Source "ChessBase"]
[SourceDate "2021.10.06"]
[SourceVersion "1"]
[SourceVersionDate "2021.10.06"]
[SourceQuality "1"]

1. e4 c5 2. Nf3 d6 3. d4 cxd4 4. Qxd4 Nc6 5. Bb5 Bd7 6. Bxc6 Bxc6 7. Nc3 Nf6 8. Bg5 e6 9. O-O-O Be7 10. Rhe1 h6 11. Bxf6 gxf6 12. Nd5 Kd7 13. Nxe7 Kxe7 14. e5 fxe5 15. Nxe5 Qc7 16. Ng6+ 1-0

[Event "Boxer mem."]
[Site "Winnipeg CAN"]
[Date "2011.05.15"]
[Round "3"]
[White "Rutter, Blair"]
[Black "Moncal, Nilo"]
[Result "0-1"]
[WhiteElo "1868"]
[BlackElo "2056"]
[PlyCount "94"]
[GameId "2160767909704495"]
[EventDate "2011.05.14"]
[EventType "swiss"]
[EventRounds "4"]
[EventCountry "CAN"]
[SourceTitle "EXT 2022"]
[Source "ChessBase"]
[SourceDate "2021.10.06"]
[SourceVersion "1"]
[SourceVersionDate "2021.10.06"]
[SourceQuality "1"]

1. c4 Nf6 2. g3 e5 3. Bg2 Nc6 4. Nc3 d6 5. e4 Be6 6. d3 Qd7 7. f4 g6 8. Nd5 Bg7 9. Ne2 O-O-O 10. Rb1 Bh3 11. O-O Bxg2 12. Kxg2 Nxd5 13. cxd5 Nd4 14. Nxd4 exd4 15. f5 Be5 16. Bf4 h5 17. fxg6 fxg6 18. Bg5 Rdf8 19. Qe2 Qa4 20. a3 Qb3 21. Rbc1 Rxf1 22. Rxf1 b5 23. Rf2 Kb7 24. Qf3 a5 25. Rd2 b4 26. axb4 Qxb4 27. Qf7 h4 28. gxh4 Rxh4 29. h3 Rh8 30. Rc2 Rc8 31. Rd2 Qa4 32. Qxg6 Qa1 33. Qf5 Rg8 34. h4 Rg7 35. Qf3 a4 36. Rf2 Kb6 37. Qe2 Qc1 38. Kh3 Qh1+ 39. Kg4 Qg1+ 40. Rg2 Qc1 41. Qd2 Qc5 42. Qc2 Qb5 43. Rg1 Qd7+ 44. Kf3 Qh3+ 45. Kf2 Qh2+ 46. Rg2 Rf7+ 47. Ke1 Qh1+ 0-1

[Event "Boxer mem."]
[Site "Winnipeg CAN"]
[Date "2011.05.15"]
[Round "3"]
[White "Wasserman, Leor"]
[Black "Afolabi, Damola"]
[Result "1-0"]
[WhiteElo "1840"]
[BlackElo "1507"]
[PlyCount "71"]
[GameId "2160767909704496"]
[EventDate "2011.05.14"]
[EventType "swiss"]
[EventRounds "4"]
[EventCountry "CAN"]
[SourceTitle "EXT 2022"]
[Source "ChessBase"]
[SourceDate "2021.10.06"]
[SourceVersion "1"]
[SourceVersionDate "2021.10.06"]
[SourceQuality "1"]

1. e4 e5 2. Nf3 Nc6 3. Bc4 Nf6 4. Ng5 d5 5. exd5 Nxd5 6. Qf3 Be6 7. Nxe6 fxe6 8. c3 Qf6 9. Bxd5 exd5 10. Qxd5 Bd6 11. O-O O-O-O 12. Qe4 Rdf8 13. b4 h5 14. Bb2 g5 15. d4 exd4 16. b5 Ne5 17. Qxd4 g4 18. Nd2 Nf3+ 19. Nxf3 gxf3 20. Qxf6 Rxf6 21. c4 fxg2 22. Rfd1 Bxh2+ 23. Kxh2 Rxf2 24. Bxh8 h4 25. Rg1 Rf5 26. Rxg2 h3 27. Rg3 Rf4 28. Kxh3 Rxc4 29. Rd1 b6 30. Rc3 Re4 31. Bf6 Re8 32. Rdc1 Kb8 33. Rxc7 Re3+ 34. Kg2 Rd3 35. Rc8+ Kb7 36. R1c7# 1-0

[Event "Boxer mem."]
[Site "Winnipeg CAN"]
[Date "2011.05.15"]
[Round "4"]
[White "Baron, Cody"]
[Black "Gannon, Keith"]
[Result "0-1"]
[WhiteElo "1242"]
[BlackElo "1612"]
[PlyCount "100"]
[GameId "2160767909704497"]
[EventDate "2011.05.14"]
[EventType "swiss"]
[EventRounds "4"]
[EventCountry "CAN"]
[SourceTitle "EXT 2022"]
[Source "ChessBase"]
[SourceDate "2021.10.06"]
[SourceVersion "1"]
[SourceVersionDate "2021.10.06"]
[SourceQuality "1"]

1. Nf3 Nf6 2. d4 d5 3. Nc3 Nc6 4. e3 e6 5. Be2 Be7 6. Bd2 O-O 7. O-O Bd7 8. Bb5 a6 9. Bxc6 Bxc6 10. Ne5 Be8 11. g4 Nd7 12. f4 f6 13. Nxd7 Bxd7 14. e4 dxe4 15. Nxe4 Bc6 16. Qf3 Qxd4+ 17. Qe3 Qxe3+ 18. Bxe3 Bxe4 19. c3 Rfe8 20. Rae1 Bd3 21. Rf2 Bb5 22. f5 e5 23. h4 h6 24. Rh2 Rad8 25. g5 fxg5 26. hxg5 Bxg5 27. Bxg5 hxg5 28. Rg2 Rd3 29. Rxg5 Rf3 30. Kg2 Bc6 31. Kh2 Kf7 32. Rh5 e4 33. Rh7 Rxf5 34. Rg1 Rf2+ 35. Kg3 Rf6 36. Kh4 Rh6+ 37. Rxh6 gxh6 38. Rf1+ Ke6 39. Kh5 Rg8 40. Kxh6 Rg2 41. Rb1 e3 42. Re1 e2 43. Kh5 Rf2 44. Kh4 Bb5 45. Kg3 Rf1 46. Rxe2+ Bxe2 47. Kg2 Rf3 48. a3 Ke5 49. Kg1 Kf4 50. b4 Kg3 0-1

[Event "Boxer mem."]
[Site "Winnipeg CAN"]
[Date "2011.05.15"]
[Round "4"]
[White "Li, Kevin"]
[Black "Kaptsan, Aron"]
[Result "1-0"]
[WhiteElo "2239"]
[BlackElo "2002"]
[PlyCount "34"]
[GameId "2160767909704498"]
[EventDate "2011.05.14"]
[EventType "swiss"]
[EventRounds "4"]
[EventCountry "CAN"]
[SourceTitle "EXT 2022"]
[Source "ChessBase"]
[SourceDate "2021.10.06"]
[SourceVersion "1"]
[SourceVersionDate "2021.10.06"]
[SourceQuality "1"]

1. d4 Nf6 2. c4 c5 3. d5 b5 4. cxb5 a6 5. bxa6 Bxa6 6. b3 d6 7. Bb2 Nbd7 8. Nd2 Nxd5 9. g3 Bb7 10. Ngf3 N5f6 11. Bg2 g6 12. O-O Bg7 13. e4 O-O 14. e5 Ng4 15. e6 Bxb2 16. Rb1 Bg7 17. exd7 Rxa2 1-0

[Event "Boxer mem."]
[Site "Winnipeg CAN"]
[Date "2011.05.15"]
[Round "4"]
[White "Moncal, Nilo"]
[Black "Boron, Anthony"]
[Result "1-0"]
[WhiteElo "2056"]
[BlackElo "2085"]
[PlyCount "75"]
[GameId "2160767909704499"]
[EventDate "2011.05.14"]
[EventType "swiss"]
[EventRounds "4"]
[EventCountry "CAN"]
[SourceTitle "EXT 2022"]
[Source "ChessBase"]
[SourceDate "2021.10.06"]
[SourceVersion "1"]
[SourceVersionDate "2021.10.06"]
[SourceQuality "1"]

1. e4 c5 2. Nf3 e6 3. Nc3 Nc6 4. d4 cxd4 5. Nxd4 Nf6 6. Nxc6 bxc6 7. e5 Nd5 8. Ne4 Qc7 9. f4 Qb6 10. Bd3 Ba6 11. Qe2 Bb4+ 12. c3 Bxd3 13. Qxd3 Be7 14. a3 f5 15. exf6 Nxf6 16. Rb1 Nxe4 17. Qxe4 O-O 18. Be3 Bc5 19. Bd2 Rae8 20. b4 Bf2+ 21. Ke2 Bh4 22. g3 Bf6 23. c4 d5 24. c5 Qb7 25. Qd3 e5 26. fxe5 Bxe5 27. Kd1 Qf7 28. Kc2 Qh5 29. Rbf1 Rxf1 30. Qxf1 Rf8 31. Qd3 Rf3 32. Qa6 Qf5+ 33. Kc1 Rb3 34. Kd1 Rb1+ 35. Bc1 Bb2 36. Kd2 Qf2+ 37. Kd3 Qf3+ 38. Kc2 1-0

[Event "Boxer mem."]
[Site "Winnipeg CAN"]
[Date "2011.05.15"]
[Round "4"]
[White "Reimer, Bruce"]
[Black "Afolabi, Damola"]
[Result "0-1"]
[WhiteElo "1660"]
[BlackElo "1507"]
[PlyCount "96"]
[GameId "2160767909704500"]
[EventDate "2011.05.14"]
[EventType "swiss"]
[EventRounds "4"]
[EventCountry "CAN"]
[SourceTitle "EXT 2022"]
[Source "ChessBase"]
[SourceDate "2021.10.06"]
[SourceVersion "1"]
[SourceVersionDate "2021.10.06"]
[SourceQuality "1"]

1. c4 e5 2. g3 Nf6 3. Bg2 Be7 4. Nc3 O-O 5. e4 d6 6. Nge2 Be6 7. d3 c6 8. O-O Nbd7 9. h3 Nb6 10. f4 exf4 11. Nxf4 Bd7 12. b3 Qc8 13. Kh2 Qc7 14. a4 Rae8 15. Bb2 Qc8 16. a5 Na8 17. b4 Nc7 18. d4 Ne6 19. e5 Nxf4 20. exf6 Nxg2 21. fxe7 Rxe7 22. Kxg2 Bxh3+ 23. Kg1 Bxf1 24. Qxf1 Rfe8 25. Kg2 Qg4 26. Qf2 Re2 27. Nxe2 Rxe2 28. Re1 Rxf2+ 29. Kxf2 Kf8 30. Re2 b6 31. c5 bxc5 32. bxc5 dxc5 33. dxc5 Qf5+ 34. Kg2 Qxc5 35. Kf3 Qxa5 36. Re3 f6 37. g4 Qb6 38. Bc3 a5 39. Bd2 a4 40. Bc1 c5 41. Ba3 Qc6+ 42. Re4 Kf7 43. Ke3 c4 44. Re7+ Kg6 45. Re4 c3 46. Kd3 c2 47. Rc4 Qf3+ 48. Kxc2 Qxa3 0-1

[Event "Boxer mem."]
[Site "Winnipeg CAN"]
[Date "2011.05.15"]
[Round "4"]
[White "Rutter, Blair"]
[Black "Pang, Michael"]
[Result "1-0"]
[WhiteElo "1868"]
[BlackElo "1774"]
[PlyCount "101"]
[GameId "2160767909704501"]
[EventDate "2011.05.14"]
[EventType "swiss"]
[EventRounds "4"]
[EventCountry "CAN"]
[SourceTitle "EXT 2022"]
[Source "ChessBase"]
[SourceDate "2021.10.06"]
[SourceVersion "1"]
[SourceVersionDate "2021.10.06"]
[SourceQuality "1"]

1. c4 Nf6 2. g3 e6 3. Bg2 d5 4. d4 c5 5. Nf3 Nc6 6. cxd5 exd5 7. O-O Qb6 8. dxc5 Bxc5 9. Nc3 Be6 10. Bg5 Ng4 11. e3 f6 12. Bf4 Rd8 13. Na4 Qb5 14. Rc1 Bb6 15. Nxb6 Qxb6 16. Rxc6 bxc6 17. h3 Ne5 18. Nxe5 fxe5 19. Qh5+ Kf8 20. Qxe5 Kf7 21. Qh5+ Kg8 22. Be5 Qb7 23. Rc1 Qd7 24. Kh2 Rc8 25. Rc5 Qf7 26. Qe2 Qe7 27. Bd4 Bf5 28. Qa6 Qd7 29. Qa4 Kf7 30. f4 Rc7 31. g4 Bd3 32. Be5 Bb5 33. Qxb5 h5 34. g5 cxb5 35. Rxc7 Qxc7 36. Bxc7 Ke6 37. Be5 Rh7 38. Bf1 g6 39. Bxb5 Rb7 40. Bd3 Kf7 41. Kg3 Rb6 42. Bd4 Rb7 43. Bc2 Rc7 44. Bb3 Rc1 45. Bxd5+ Ke7 46. Bxa7 Rg1+ 47. Kf2 Rd1 48. Bd4 Rd2+ 49. Kf3 Rh2 50. Kg3 Rd2 51. b4 1-0

[Event "Boxer mem."]
[Site "Winnipeg CAN"]
[Date "2011.05.15"]
[Round "4"]
[White "Wasserman, Leor"]
[Black "Greenberg, Harley"]
[Result "1/2-1/2"]
[WhiteElo "1840"]
[BlackElo "1677"]
[PlyCount "46"]
[GameId "2160767909704502"]
[EventDate "2011.05.14"]
[EventType "swiss"]
[EventRounds "4"]
[EventCountry "CAN"]
[SourceTitle "EXT 2022"]
[Source "ChessBase"]
[SourceDate "2021.10.06"]
[SourceVersion "1"]
[SourceVersionDate "2021.10.06"]
[SourceQuality "1"]

1. e4 c5 2. Nf3 Nc6 3. d4 cxd4 4. Nxd4 Nf6 5. Nc3 e5 6. Nxc6 bxc6 7. Bc4 Bb4 8. Bg5 Bxc3+ 9. bxc3 O-O 10. O-O h6 11. Bh4 Bb7 12. Qf3 d5 13. exd5 e4 14. Qf5 cxd5 15. Rfd1 Qc8 16. Qxc8 Raxc8 17. Bxf6 gxf6 18. Bxd5 Bxd5 19. Rxd5 Rxc3 20. Rd2 Rfc8 21. Rc1 Ra3 22. c4 Rd3 23. Rb2 Rxc4 1/2-1/2

[Event "British Columbia op"]
[Site "Richmond CAN"]
[Date "2011.07.30"]
[Round "1"]
[White "Cheng, Jack"]
[Black "Sohal, Tanraj"]
[Result "0-1"]
[WhiteElo "1960"]
[BlackElo "2032"]
[PlyCount "144"]
[GameId "2160767909649146"]
[EventDate "2011.07.30"]
[EventType "swiss"]
[EventRounds "6"]
[EventCountry "CAN"]
[SourceTitle "EXT 2014"]
[Source "ChessBase"]
[SourceDate "2013.11.20"]
[SourceVersion "1"]
[SourceVersionDate "2013.11.20"]
[SourceQuality "1"]

1. e4 c5 2. Nf3 Nc6 3. d4 cxd4 4. Nxd4 Nf6 5. Nc3 e6 6. Ndb5 d6 7. Bf4 e5 8. Bg5 a6 9. Na3 b5 10. Nd5 Be7 11. Bxf6 Bxf6 12. c3 O-O 13. Nc2 Bg5 14. a4 bxa4 15. Rxa4 a5 16. Bc4 Rb8 17. b3 Ne7 18. Nce3 Bxe3 19. Nxe3 Bb7 20. Nd5 Nxd5 21. Bxd5 Qb6 22. O-O Bxd5 23. Qxd5 Qxb3 24. Rxa5 Qxd5 25. Rxd5 Rfd8 26. Rfd1 Kf8 27. f3 Ke7 28. Kf2 Rbc8 29. R1d3 Rc6 30. Rb5 Ra8 31. Rb2 Ra3 32. Rc2 Ke6 33. Ke3 g6 34. c4 Rca6 35. Rxa3 Rxa3+ 36. Kd2 h5 37. Ke2 f5 38. Kd2 h4 39. exf5+ gxf5 40. Ke2 Rb3 41. Kf2 f4 42. Ke2 Kd7 43. Kf2 Kc6 44. g3 fxg3+ 45. hxg3 hxg3+ 46. Kxg3 e4 47. Kf4 exf3 48. Ke4 Kc5 49. Kf4 f2 50. Rxf2 Kxc4 51. Rc2+ Kd3 52. Rc1 Kd4 53. Rd1+ Rd3 54. Ra1 d5 55. Ra4+ Kc5 56. Ra8 Rc3 57. Rc8+ Kd4 58. Rd8 Rc7 59. Kf3 Re7 60. Rd6 Kc4 61. Rc6+ Kd3 62. Kf4 d4 63. Rd6 Kc3 64. Rc6+ Kd2 65. Kf3 d3 66. Ra6 Kc2 67. Rc6+ Kd1 68. Rh6 d2 69. Rg6 Rc7 70. Ke3 Kc2 71. Rg2 Kc1 72. Rxd2 Re7+ 0-1

[Event "British Columbia op"]
[Site "Richmond CAN"]
[Date "2011.07.30"]
[Round "1"]
[White "Leblanc, Paul"]
[Black "Patterson, Roger"]
[Result "0-1"]
[WhiteElo "1942"]
[BlackElo "2141"]
[PlyCount "82"]
[GameId "2160767909649149"]
[EventDate "2011.07.30"]
[EventType "swiss"]
[EventRounds "6"]
[EventCountry "CAN"]
[SourceTitle "EXT 2014"]
[Source "ChessBase"]
[SourceDate "2013.11.20"]
[SourceVersion "1"]
[SourceVersionDate "2013.11.20"]
[SourceQuality "1"]

1. d4 Nf6 2. c4 e6 3. g3 Be7 4. Bg2 d5 5. Nf3 O-O 6. O-O b6 7. cxd5 exd5 8. Nc3 Bb7 9. Qc2 Na6 10. Rd1 Qe8 11. Bf4 c5 12. Rac1 Rc8 13. Bh3 Rd8 14. a3 c4 15. Re1 b5 16. Rcd1 Ne4 17. Nxe4 dxe4 18. Ne5 f6 19. Be6+ Kh8 20. Ng4 Bd6 21. Bxd6 Rxd6 22. d5 Nc5 23. Qc3 Nxe6 24. dxe6 Rxe6 25. Rd4 f5 26. Ne3 Qf7 27. Ng2 Re7 28. Red1 Kg8 29. Qb4 a6 30. a4 Bc6 31. Qd6 Re6 32. Qc5 bxa4 33. Nf4 Rh6 34. Qxc4 Qxc4 35. Rxc4 Bb5 36. Rc7 g5 37. Nd5 Bxe2 38. Ne7+ Kh8 39. Rd5 Rhf6 40. Rdd7 Bb5 41. Ng6+ Rxg6 0-1

[Event "British Columbia op"]
[Site "Richmond CAN"]
[Date "2011.07.30"]
[Round "2"]
[White "Doknjas, John"]
[Black "Li, Changhe"]
[Result "1-0"]
[WhiteElo "1931"]
[BlackElo "1982"]
[PlyCount "93"]
[GameId "2160767909649153"]
[EventDate "2011.07.30"]
[EventType "swiss"]
[EventRounds "6"]
[EventCountry "CAN"]
[SourceTitle "EXT 2014"]
[Source "ChessBase"]
[SourceDate "2013.11.20"]
[SourceVersion "1"]
[SourceVersionDate "2013.11.20"]
[SourceQuality "1"]

1. d4 d5 2. c4 c6 3. Nf3 Nf6 4. Nc3 dxc4 5. a4 Bf5 6. Ne5 Nbd7 7. Nxc4 Qc7 8. g3 Nd5 9. Bg2 N7f6 10. Ne3 Nxc3 11. bxc3 Be4 12. f3 Bg6 13. Nc4 Nh5 14. O-O e6 15. e4 c5 16. Ne5 f6 17. Nxg6 hxg6 18. Qb3 Qc6 19. f4 c4 20. Qb1 e5 21. fxe5 fxe5 22. Be3 O-O-O 23. d5 Qc7 24. Bxa7 Bc5+ 25. Bxc5 Qxc5+ 26. Rf2 Rdf8 27. Raa2 Nf6 28. Qb4 Qxb4 29. cxb4 Kb8 30. Rac2 Rc8 31. Rc3 Rc7 32. Rfc2 Nd7 33. Bf1 Rhc8 34. Rxc4 Nf6 35. Rxc7 Rxc7 36. Rxc7 Kxc7 37. Bd3 Ng4 38. h3 Ne3 39. Kf2 Nd1+ 40. Ke1 Nc3 41. Bc2 Na2 42. b5 Nb4 43. Kd2 Kb6 44. Bb3 g5 45. Kc3 Ka5 46. d6 g4 47. d7 1-0

[Event "British Columbia op"]
[Site "Richmond CAN"]
[Date "2011.07.30"]
[Round "2"]
[White "Patterson, Roger"]
[Black "Cao, Jason"]
[Result "1/2-1/2"]
[WhiteElo "2141"]
[BlackElo "1925"]
[PlyCount "63"]
[GameId "2160767909649155"]
[EventDate "2011.07.30"]
[EventType "swiss"]
[EventRounds "6"]
[EventCountry "CAN"]
[SourceTitle "EXT 2014"]
[Source "ChessBase"]
[SourceDate "2013.11.20"]
[SourceVersion "1"]
[SourceVersionDate "2013.11.20"]
[SourceQuality "1"]

1. e4 c5 2. Nf3 d6 3. d4 cxd4 4. Nxd4 Nf6 5. Nc3 a6 6. Be2 e5 7. Nb3 Be7 8. O-O Be6 9. Kh1 Nbd7 10. f4 Qc7 11. Nd5 Bxd5 12. exd5 Nb6 13. Bd2 Nc4 14. Rb1 Nxd5 15. Ba5 Qc6 16. Bf3 Nce3 17. Qd3 Rc8 18. Rbd1 Qxc2 19. Bxd5 Nxd1 20. Rxd1 O-O 21. Bxb7 Qxd3 22. Rxd3 Rc2 23. Rd2 Rxd2 24. Bxd2 exf4 25. Bxf4 Bf6 26. g3 Re8 27. Bxa6 Ra8 28. Bc4 Rxa2 29. Bxd6 Rxb2 30. Bf4 h5 31. h4 g6 32. Nd2 1/2-1/2

[Event "British Columbia op"]
[Site "Richmond CAN"]
[Date "2011.07.31"]
[Round "3"]
[White "Chan, James"]
[Black "Patterson, Roger"]
[Result "1-0"]
[WhiteElo "1988"]
[BlackElo "2141"]
[PlyCount "41"]
[GameId "2160767909649159"]
[EventDate "2011.07.30"]
[EventType "swiss"]
[EventRounds "6"]
[EventCountry "CAN"]
[SourceTitle "EXT 2014"]
[Source "ChessBase"]
[SourceDate "2013.11.20"]
[SourceVersion "1"]
[SourceVersionDate "2013.11.20"]
[SourceQuality "1"]

1. e4 e5 2. Nf3 Nc6 3. Bb5 a6 4. Ba4 Nf6 5. O-O b5 6. Bb3 Bc5 7. Re1 d6 8. a4 Bg4 9. c3 O-O 10. Qe2 Nh5 11. d3 g6 12. Bh6 Ng7 13. Bd5 Qd7 14. axb5 axb5 15. Rxa8 Rxa8 16. d4 Bxf3 17. gxf3 exd4 18. Qxb5 Qh3 19. Qxc6 Rf8 20. Bxg7 Kxg7 21. e5 1-0

[Event "British Columbia op"]
[Site "Richmond CAN"]
[Date "2011.07.31"]
[Round "3"]
[White "Doknjas, John"]
[Black "Yoos, John"]
[Result "0-1"]
[WhiteElo "1931"]
[BlackElo "2373"]
[PlyCount "60"]
[GameId "2160767909649160"]
[EventDate "2011.07.30"]
[EventType "swiss"]
[EventRounds "6"]
[EventCountry "CAN"]
[SourceTitle "EXT 2014"]
[Source "ChessBase"]
[SourceDate "2013.11.20"]
[SourceVersion "1"]
[SourceVersionDate "2013.11.20"]
[SourceQuality "1"]

1. d4 Nf6 2. c4 g6 3. Nc3 Bg7 4. e4 d6 5. f3 O-O 6. Be3 Nc6 7. Qd2 a6 8. Nge2 Rb8 9. g4 b5 10. cxb5 axb5 11. Ng3 b4 12. Nce2 Na5 13. Rc1 c6 14. h4 Be6 15. b3 Bxb3 16. axb3 Nxb3 17. Qb2 Nxc1 18. Nxc1 Qa5 19. Qb3 Nd7 20. Rh2 e5 21. Rd2 exd4 22. Bxd4 Bxd4 23. Rxd4 Qe5 24. Nge2 Nc5 25. Qb1 b3 26. f4 Qe6 27. Bh3 b2 28. Nd3 Nxd3+ 29. Rxd3 Qxe4 30. Kd2 Rb3 0-1

[Event "British Columbia op"]
[Site "Richmond CAN"]
[Date "2011.07.31"]
[Round "3"]
[White "Erichsen, Dan"]
[Black "Sohal, Tanraj"]
[Result "0-1"]
[WhiteElo "2128"]
[BlackElo "2032"]
[PlyCount "80"]
[GameId "2160767909649161"]
[EventDate "2011.07.30"]
[EventType "swiss"]
[EventRounds "6"]
[EventCountry "CAN"]
[SourceTitle "EXT 2014"]
[Source "ChessBase"]
[SourceDate "2013.11.20"]
[SourceVersion "1"]
[SourceVersionDate "2013.11.20"]
[SourceQuality "1"]

1. e4 c5 2. Nf3 Nc6 3. d4 cxd4 4. Nxd4 Nf6 5. Nc3 e6 6. Nxc6 bxc6 7. e5 Nd5 8. Ne4 Qc7 9. f4 Qb6 10. c4 Bb4+ 11. Ke2 f5 12. exf6 Nxf6 13. Nxf6+ gxf6 14. a3 Be7 15. b4 d5 16. Be3 Qd8 17. Kf2 O-O 18. Be2 e5 19. cxd5 cxd5 20. Qb3 Kh8 21. Rhd1 d4 22. Kg1 Bb7 23. Bc4 Qc8 24. Bf2 Qc6 25. Bf1 Rg8 26. Qh3 Qd5 27. Rac1 Rac8 28. fxe5 fxe5 29. Rxc8 Bxc8 30. Qd3 Bf6 31. Qc2 Bb7 32. Bg3 e4 33. Bc4 d3 34. Qc1 Qd4+ 35. Bf2 Rxg2+ 36. Kxg2 e3+ 37. Kg1 exf2+ 38. Kf1 Bg2+ 39. Kxg2 Qg4+ 40. Kxf2 Bd4+ 0-1

[Event "British Columbia op"]
[Site "Richmond CAN"]
[Date "2011.07.31"]
[Round "4"]
[White "Chan, James"]
[Black "Cao, Jason"]
[Result "1/2-1/2"]
[WhiteElo "1988"]
[BlackElo "1925"]
[PlyCount "62"]
[GameId "2160767909649164"]
[EventDate "2011.07.30"]
[EventType "swiss"]
[EventRounds "6"]
[EventCountry "CAN"]
[SourceTitle "EXT 2014"]
[Source "ChessBase"]
[SourceDate "2013.11.20"]
[SourceVersion "1"]
[SourceVersionDate "2013.11.20"]
[SourceQuality "1"]

1. e4 c5 2. Nf3 d6 3. d4 cxd4 4. Nxd4 Nf6 5. Nc3 a6 6. Bg5 e6 7. f4 Be7 8. Qe2 h6 9. Bxf6 Bxf6 10. O-O-O Qc7 11. g4 O-O 12. h4 Nc6 13. Nb3 Bxc3 14. bxc3 d5 15. e5 f6 16. Re1 fxe5 17. fxe5 Rf4 18. Bg2 Bd7 19. g5 Raf8 20. gxh6 Na5 21. hxg7 R8f7 22. Rh3 Nc4 23. Rg3 Rxh4 24. Rg5 Qd8 25. Rg6 Rxg7 26. Rxg7+ Kxg7 27. Kb1 Qe7 28. Qf2 Rh6 29. Bf1 Rg6 30. Bxc4 dxc4 31. Nd4 Qa3 1/2-1/2

[Event "British Columbia op"]
[Site "Richmond CAN"]
[Date "2011.07.31"]
[Round "4"]
[White "Erichsen, Dan"]
[Black "Doknjas, John"]
[Result "0-1"]
[WhiteElo "2128"]
[BlackElo "1931"]
[PlyCount "88"]
[GameId "2160767909649166"]
[EventDate "2011.07.30"]
[EventType "swiss"]
[EventRounds "6"]
[EventCountry "CAN"]
[SourceTitle "EXT 2014"]
[Source "ChessBase"]
[SourceDate "2013.11.20"]
[SourceVersion "1"]
[SourceVersionDate "2013.11.20"]
[SourceQuality "1"]

1. d4 Nf6 2. Bg5 d5 3. e3 Nbd7 4. c4 e6 5. Nc3 dxc4 6. Bxc4 c5 7. Nf3 cxd4 8. exd4 Be7 9. O-O O-O 10. Rc1 Nd5 11. Bxd5 Bxg5 12. Nxg5 Qxg5 13. Bf3 Nb6 14. Ne4 Qe7 15. Nc5 Rd8 16. Re1 Nd5 17. Qb3 Qd6 18. Rc2 b6 19. Nd3 Ba6 20. Ne5 Rac8 21. Rec1 Rxc2 22. Qxc2 Ne7 23. h3 Nf5 24. Nc6 Rc8 25. g4 Nxd4 26. Ne7+ Qxe7 27. Qxc8+ Bxc8 28. Rxc8+ Qf8 29. Rxf8+ Kxf8 30. Be4 f5 31. gxf5 exf5 32. Bd3 g5 33. Kg2 Ke7 34. Kg3 Kf6 35. f4 gxf4+ 36. Kxf4 Ne6+ 37. Kf3 Ke5 38. h4 Nd4+ 39. Kg3 h5 40. Bb1 f4+ 41. Kg2 Nf5 42. Kh3 f3 43. Bd3 Kf4 44. b4 Ne3 0-1

[Event "British Columbia op"]
[Site "Richmond CAN"]
[Date "2011.07.31"]
[Round "4"]
[White "Li, Changhe"]
[Black "Leblanc, Paul"]
[Result "1-0"]
[WhiteElo "1982"]
[BlackElo "1942"]
[PlyCount "87"]
[GameId "2160767909649167"]
[EventDate "2011.07.30"]
[EventType "swiss"]
[EventRounds "6"]
[EventCountry "CAN"]
[SourceTitle "EXT 2014"]
[Source "ChessBase"]
[SourceDate "2013.11.20"]
[SourceVersion "1"]
[SourceVersionDate "2013.11.20"]
[SourceQuality "1"]

1. e4 c6 2. Nf3 d5 3. e5 Bg4 4. Be2 g6 5. h3 Bxf3 6. Bxf3 Bg7 7. d4 h5 8. O-O Nh6 9. Qd3 e6 10. g3 Nd7 11. Na3 O-O 12. c3 Nf5 13. Bg2 Qb6 14. g4 hxg4 15. hxg4 Ne7 16. b4 Qc7 17. Qe2 a5 18. Nc2 axb4 19. cxb4 Nb6 20. Bg5 Nc4 21. Ne3 b5 22. f4 Ra3 23. Nc2 Ra4 24. a3 Rfa8 25. Rf3 Kf8 26. Bf1 Ke8 27. Bf6 Bxf6 28. exf6 Nc8 29. f5 gxf5 30. gxf5 e5 31. dxe5 N8b6 32. e6 Kd8 33. Re1 Nd6 34. exf7 Qxf7 35. Qe6 Nbc4 36. Bxc4 Qxe6 37. fxe6 bxc4 38. Nd4 Rxa3 39. Nxc6+ Kc7 40. Rxa3 Rxa3 41. f7 Ra8 42. Ne5 d4 43. Nxc4 Nxc4 44. e7 1-0

[Event "British Columbia op"]
[Site "Richmond CAN"]
[Date "2011.07.31"]
[Round "4"]
[White "Sohal, Tanraj"]
[Black "Yoos, John"]
[Result "0-1"]
[WhiteElo "2032"]
[BlackElo "2373"]
[PlyCount "98"]
[GameId "2160767909649169"]
[EventDate "2011.07.30"]
[EventType "swiss"]
[EventRounds "6"]
[EventCountry "CAN"]
[SourceTitle "EXT 2014"]
[Source "ChessBase"]
[SourceDate "2013.11.20"]
[SourceVersion "1"]
[SourceVersionDate "2013.11.20"]
[SourceQuality "1"]

1. d4 Nf6 2. c4 g6 3. Nc3 Bg7 4. e4 d6 5. f3 O-O 6. Be3 a6 7. Bd3 Nc6 8. Nge2 Nd7 9. O-O e5 10. d5 Ne7 11. b4 f5 12. exf5 gxf5 13. Rc1 Nf6 14. Bc2 Kh8 15. Qd2 Qe8 16. Bh6 Rg8 17. Bxg7+ Rxg7 18. Rf2 Bd7 19. g3 Qh5 20. f4 Ng4 21. Rg2 Ng6 22. Rf1 Rag8 23. Nd1 Nh4 24. Ne3 Nxg2 25. Nxg4 Nh4 26. Nf6 Nf3+ 27. Rxf3 Qxf3 28. Nxg8 Kxg8 29. Qd3 Qxd3 30. Bxd3 Kf7 31. Kf2 Kf6 32. Ke3 Be8 33. fxe5+ dxe5 34. c5 Rg4 35. Nc3 Rxb4 36. d6 c6 37. h3 Bd7 38. g4 fxg4 39. hxg4 h6 40. Ne4+ Rxe4+ 41. Bxe4 Bxg4 42. a3 h5 43. Bf3 Bxf3 44. Kxf3 Ke6 45. a4 a5 46. Ke4 h4 47. Kf3 b6 48. cxb6 Kxd6 49. Kg4 c5 0-1

[Event "British Columbia op"]
[Site "Richmond CAN"]
[Date "2011.08.01"]
[Round "5"]
[White "Cao, Jason"]
[Black "Sohal, Tanraj"]
[Result "0-1"]
[WhiteElo "1925"]
[BlackElo "2032"]
[PlyCount "58"]
[GameId "2160767909649170"]
[EventDate "2011.07.30"]
[EventType "swiss"]
[EventRounds "6"]
[EventCountry "CAN"]
[SourceTitle "EXT 2014"]
[Source "ChessBase"]
[SourceDate "2013.11.20"]
[SourceVersion "1"]
[SourceVersionDate "2013.11.20"]
[SourceQuality "1"]

1. d4 d5 2. c4 e6 3. Nc3 c6 4. Nf3 dxc4 5. a4 Bb4 6. e3 b5 7. Bd2 a5 8. axb5 Bxc3 9. Bxc3 cxb5 10. b3 Bb7 11. bxc4 b4 12. Bd2 Nf6 13. Bd3 O-O 14. Qc2 Nbd7 15. e4 e5 16. d5 Qc7 17. O-O Nc5 18. Be3 Nfd7 19. Nd2 a4 20. f4 exf4 21. Bxf4 Qb6 22. Kh1 Rfe8 23. Nf3 Nxd3 24. Qxd3 Nc5 25. Qb1 Nxe4 26. Ne5 Nf2+ 27. Rxf2 Qxf2 28. Qf5 f6 29. Ng4 Re1+ 0-1